000 01318nam a2200313 a 4500
001 BRCA_8624
005 20190320210340.0
008 210916s1734----it-#######---#000-0#lat-#
041 _alat
044 _ait
050 4 _aKB230.A3
_b.S23
_c1734
245 1 0 _aSacrae rotae romanae decisiones et summorum pontificum constitutiones recentissimae theatrum veritaris & justitiae cardinalis de luca ejusque tractus de officiis venal et statut successionibus amplectentes confirmantes & laudantes.
260 _aVenetiis
_bEx typographia balleoniana
_c1734
300 _aVol. 2, 536 p.
_c39 cm
500 _aFondo antiguo
500 _aSe encuentra en Caja Fuerte
500 _aU-118b
500 _aVol. 1 se encuentra en Sala S. XIX
500 _aGrabado en portada
500 _aTexto impreso a dos columnas
500 _aEn portada: superiorum permissu, ac privilegiis
500 _aIncluye índice
500 _aNota de encuadernación: piel sobre cartón, desgastada de lomo y tapas
505 0 _aContiene: argumentis, summaris et indicibus necessariis exornatae, ac juxta titulorum seriem & discursum ordinem dispositae
506 0 _aFondo reservado: para su consulta es necesario credencial de usuario y carta de motivos
650 1 4 _aDerecho canónico
_921260
902 _aLAR
942 _2lcc
_cB
999 _c8284
_d8284